Solubility and ph calculations

Bibliographic Details
Main Author: Newton Butler, James
Format: Section = Libro
Language:Undetermined
Spanish
Published: London Addison/Wesley 1964
Subjects:
LEADER 00543nam a2200205Ia 4500
008 240830s9999 xx 000 0 und d
020 |a 0-201-00733-9 
040 |a CEDOC FIQ-RUSB / 546 B561 
041 |a spa 
082 |a 546 B561 
100 1 |a Newton Butler, James 
245 1 0 |a Solubility and ph calculations 
260 |a London  |b Addison/Wesley  |c 1964 
300 |a 104 p. :il. 
650 7 |a QUÍMICA INORGÁNICA 
650 7 |b  FUNCIONES LOGARITMICAS 
650 7 |c  LA IONIZACIÓN DEL AGUA 
942 |c BK  |2 ddc 
991 |a TEXTO 
999 |c 13927